Statistics for Body Parts in History and Culture

Click here to take the quiz!

General Stats

  • This quiz has been taken 23,885 times
  • The average score is 14 of 20

Answer Stats

HintBody Part% Correct
Vincent Van Gogh cut part of his off and delivered it to a prostituteEar
97%
Santa has one that shakes like a bowl full of jellyBelly
96%
The only part of Achilles that was vulnerableHeel
92%
Double double toil and trouble. Witches need this part of a newt for their broth.Eye
91%
Part of Cyrano de Bergerac's body which was larger than normalNose
90%
God used this part of Adam to make EveRib
86%
What gave Samson his strengthHair
82%
Part of the Grinch that grew three sizes on Christmas dayHeart
78%
Body part that appears on the logo of the Rolling StonesTongue
76%
In times of trouble, British people try to keep theirs stiffUpper lip
73%
The average American male has one that is about 10.5" longFoot
71%
Gout sufferers often feel pain hereBig toe
68%
A doctor who specializes in this body part is called a nephrologistKidney
67%
People were shocked when this part of Janet Jackson made an appearance
during the Super Bowl halftime show
Nipple
66%
For all eternity, an eagle pecks at this part of the titan PrometheusLiver
65%
Some macaroni is shaped like thisElbow
60%
Most people have two. Frida Kahlo only had one.Eyebrow
58%
Steve Jobs was done in by a cancer of this body partPancreas
53%
Malfunctioning gland that caused Robert Wadlow to grow to nearly 9 feet in heightPituitary
49%
To marry the daughter of Saul, David had to deliver a gruesome dowry:
100 of this body part cut from dead Philistines
Foreskin
16%

Score Distribution

Percentile by Number Answered

Percent of People with Each Score

Your Score History

You have not taken this quiz